000 00758nam a2200289Ia 4500
005 20260324135107.0
008 008 260324s9999 xx 000 0 eng d
020 _a9781315212319
037 _aEBOOK
040 _aCRL
040 _beng
040 _cCRL
041 _2eng
041 _aeng
084 _qCRL
100 _aKatrina West
_91199311
245 0 _aAgents of Altruism: The Expansion of Humanitarian NGOs in Rwanda and Afghanistan
245 4 _bThe Expansion of Humanitarian NGOs in Rwanda and Afghanistan
260 _bTaylor and Francis
260 _c2001
365 _a
365 _b160
856 _uhttp://www.taylorfrancis.com/books/9781315212319
942 _cEBOOK
999 _c1800037
_d1800037